000 00484nam a2200181Ia 4500
001 17706
005 20260306171537.0
008 260306s9999||||xx |||||||||||||| ||und||
041 _aESP
082 _a658.15
_bJ53
100 _aJiménez Rodríguez, Enrique José
_eAUT
245 0 _aEl riesgo operacional:
_bmetodologías para su medición y control
260 _c2011
300 _axxii, 354 páginas :
_c21 cm.
650 _aGEN
654 _aCAN
942 _cLIB
_dJUS
_fJUS
_2ddc
_n
999 _c17706
_d17706